Nacaro's Empastil prepared meals manufacturing : enterprise development project / (Record no. 4853)

MARC details
000 -LEADER
fixed length control field 01340nam a2200313 4500
003 - CONTROL NUMBER IDENTIFIER
control field OSt
005 - DATE AND TIME OF LATEST TRANSACTION
control field 20260309002945.0
008 - FIXED-LENGTH DATA ELEMENTS--GENERAL INFORMATION
fixed length control field 260308b |||||||| |||| 00| 0 eng d
040 ## - CATALOGING SOURCE
Original cataloging agency CvSU-CCAT Campus Library.
Language of cataloging English.
Transcribing agency CvSU-CCAT Campus Library.
Description conventions rda.
050 ## - LIBRARY OF CONGRESS CALL NUMBER
Classification number UM HD 62.7
Item number M36 2024
100 ## - MAIN ENTRY--PERSONAL NAME
Personal name Mendoza, Caila Mae A., author.
9 (RLIN) 19137
245 ## - TITLE STATEMENT
Title Nacaro's Empastil prepared meals manufacturing : enterprise development project /
Statement of responsibility, etc. Caila Mae A. Mendoza, Nazhaira I. Salamat, Rotsen N. Viniegra.
260 ## - PUBLICATION, DISTRIBUTION, ETC.
Place of publication, distribution, etc. Rosario, Cavite :
Name of publisher, distributor, etc. Cavite State University-CCAT Campus,
Date of publication, distribution, etc. 2024
300 ## - PHYSICAL DESCRIPTION
Extent xiv, 85 leaves :
Other physical details illustrations ;
Dimensions 28 cm
500 ## - GENERAL NOTE
General note Enterprise Development Project (BSBA)--Cavite State University-CCAT Campus, 2024.
504 ## - BIBLIOGRAPHY, ETC. NOTE
Bibliography, etc. note Includes bibliographical references.
546 ## - LANGUAGE NOTE
Language note In English text.
650 ## - SUBJECT ADDED ENTRY--TOPICAL TERM
Topical term or geographic name entry element Small business -- Management
9 (RLIN) 8827
650 ## - SUBJECT ADDED ENTRY--TOPICAL TERM
Topical term or geographic name entry element Food industry and trade
9 (RLIN) 95
650 ## - SUBJECT ADDED ENTRY--TOPICAL TERM
Topical term or geographic name entry element Marketing
9 (RLIN) 128
650 ## - SUBJECT ADDED ENTRY--TOPICAL TERM
Topical term or geographic name entry element Meat industry and trade
9 (RLIN) 7470
650 ## - SUBJECT ADDED ENTRY--TOPICAL TERM
Topical term or geographic name entry element Entrepreneurship
9 (RLIN) 136
700 ## - ADDED ENTRY--PERSONAL NAME
Personal name Salamat, Nazhaira I., author.
9 (RLIN) 19138
700 ## - ADDED ENTRY--PERSONAL NAME
Personal name Viniegra, Rotsen N., author.
9 (RLIN) 19139
700 ## - ADDED ENTRY--PERSONAL NAME
Personal name Ducha, Aiza M., adviser.
9 (RLIN) 8994
700 ## - ADDED ENTRY--PERSONAL NAME
Personal name Ambas, Arman M., technical critic.
9 (RLIN) 6668
942 ## - ADDED ENTRY ELEMENTS (KOHA)
Source of classification or shelving scheme Library of Congress Classification
Koha item type Thesis/Manuscripts/Dissertations
Classification part HD 62.7 M36 2024
Call number prefix UM
Holdings
Withdrawn status Lost status Source of classification or shelving scheme Damaged status Not for loan Collection code Home library Current library Shelving location Date acquired Coded location qualifier Total Checkouts Full call number Barcode Date last seen Copy number Price effective from Koha item type
    Library of Congress Classification     Thesis/Manuscript/Dissertation Cavite State University - CCAT Campus Cavite State University - CCAT Campus TH 01/20/2026 UM   UM HD 62.7 M36 2024 T0005638 03/08/2026 1 03/09/2026 Thesis/Manuscripts/Dissertations